Footballeurs en B (par images). - Statistiques

Statistiques générales
  • Ce quiz a été pris 1 051 fois
    874 depuis la dernière actualisation
  • Le résultat moyen est 17 sur 24
Statistiques - réponses
Par images Réponse % Correct
Karim Benzema
100%
Gareth Bale
97%
David Beckham
96%
Gianluigi Buffon
96%
Fabien Barthez
92%
Sergio Busquets
91%
Mario Balotelli
89%
Hatem Ben Arfa
88%
Laurent Blanc
86%
Leonardo Bonucci
86%
Jérôme Boateng
85%
Franz Beckenbauer
81%
George Best
76%
Roberto Baggio
73%
Basile Boli
66%
Michael Ballack
66%
Franco Baresi
62%
Dennis Bergkamp
58%
Dimitar Berbatov
54%
Emilio Butragueño
37%
Gabriel Batistuta
34%
Bebeto
32%
Gordon Banks
16%
Maxime Bossis
10%
Aucun quiz correspondant
Distribution des résultats
% des personnes avec chaque résultat
Percentile par nombre de réponses
Votre historique - résultats
Vous n’avez pas pris ce quiz depuis la dernière actualisation